000 00304nam a2200133Ia 4500
008 240624s9999 xx 000 0 und d
041 _aeng
082 _a823 STO
100 _aSTOVALL JIM
245 _aLAMP
260 _c2006
_aMumbai
_bEmbassy Books
300 _a103 : p. : cm. ; 20
365 _cRS
_b25
999 _c22294
_d22294